|
|
|
|
| LEADER |
02334nam a2200613 a 4500 |
| 001 |
nkc20071727148 |
| 003 |
CZ PrNK |
| 005 |
20070927145601.0 |
| 007 |
ta |
| 008 |
070720s2007 xr ab f 000 0 cze |
| 015 |
|
|
|a cnb001727148
|
| 020 |
|
|
|a 978-80-86386-89-8
|q (brož.)
|
| 035 |
|
|
|a (OCoLC)188563961
|
| 040 |
|
|
|a ABA001
|b cze
|
| 041 |
1 |
|
|a cze
|a ger
|b eng
|h cze
|
| 043 |
|
|
|a e-xr---
|b e-xr-cc
|2 czenas
|
| 072 |
|
7 |
|a 59
|x Zoologie
|2 Konspekt
|9 2
|
| 080 |
|
|
|a 595.78
|2 MRF
|
| 080 |
|
|
|a 591.9
|2 MRF
|
| 080 |
|
|
|a 581.526.42
|2 MRF
|
| 080 |
|
|
|a 630.4
|2 MRF
|
| 080 |
|
|
|a 630.23
|2 MRF
|
| 080 |
|
|
|a (437.31-17)
|2 MRF
|
| 080 |
|
|
|a (437.31-16)
|2 MRF
|
| 080 |
|
|
|a (048.8)
|2 MRF
|
| 100 |
1 |
|
|a Kula, Emanuel,
|d 1951-
|7 ola2004235613
|4 aut
|
| 245 |
1 |
0 |
|a Motýli porostů náhradních dřevin v imisním území Sněžníku /
|c Emanuel Kula ; [fotografie Hana Šefrová ... et al.]
|
| 260 |
|
|
|a Kostelec nad Černými lesy :
|b Lesnická práce,
|c 2007
|
| 300 |
|
|
|a 107 s. :
|b il. (převážně barev.), mapy ;
|c 24 cm
|
| 500 |
|
|
|a Na tit. s. u vročení uvedeno Brno
|
| 504 |
|
|
|a Obsahuje bibliografii
|
| 546 |
|
|
|a Souběžný německý text, anglické resumé
|
| 650 |
0 |
7 |
|a motýli
|7 ph115365
|2 czenas
|
| 650 |
0 |
7 |
|a fauna
|7 ph114529
|z Česko
|2 czenas
|
| 650 |
0 |
7 |
|a lesní ekosystémy
|7 ph115113
|z Česko
|2 czenas
|
| 650 |
0 |
7 |
|a poškození lesa
|7 ph124479
|z Česko
|2 czenas
|
| 650 |
0 |
7 |
|a obnova lesních porostů
|7 ph136605
|z Česko
|2 czenas
|
| 650 |
0 |
9 |
|a butterflies
|2 eczenas
|
| 650 |
0 |
9 |
|a fauna
|z Czechia
|2 eczenas
|
| 650 |
0 |
9 |
|a forest ecosystems
|z Czechia
|2 eczenas
|
| 650 |
0 |
9 |
|a damage to forests
|z Czechia
|2 eczenas
|
| 650 |
0 |
9 |
|a afforestation
|z Czechia
|2 eczenas
|
| 655 |
|
7 |
|a studie
|7 fd133597
|2 czenas
|
| 655 |
|
9 |
|a studies
|2 eczenas
|
| 610 |
1 |
7 |
|a Děčínský Sněžník (Děčínská vrchovina, Česko : hora)
|7 xx0079473
|2 czenas
|
| 651 |
|
7 |
|a Chráněná krajinná oblast Labské pískovce (Česko)
|7 ge128448
|2 czenas
|
| 651 |
|
9 |
|a Chráněná krajinná oblast Labské pískovce (Czechia)
|2 eczenas
|
| 651 |
|
9 |
|a Děčínský Sněžník (Czechia)
|2 eczenas
|
| 700 |
1 |
|
|a Šefrová, Hana,
|d 1959-
|7 stk2007383485
|4 pht
|
| 910 |
2 |
|
|a BOA001
|b 2-1182.971
|
| 990 |
|
|
|a BK
|
| 995 |
|
|
|a 01
|
| 991 |
|
|
|b 200707
|c NOV
|
| 996 |
6 |
|
|b 2610316055
|c 2-1182.971
|l MZK
|r Sklad / do 1 hodiny
|n 0
|p p.v.
|w 000857082
|u 000010
|a 1
|e BOA001
|j MZK50
|s P
|